Anuario de derecho civil

Detalles Bibliográficos
Autor Corporativo: Instituto Nacional de Estudios Jurd̕icos (Espaą) (ed)
Formato: Desconocido
Lenguaje:español
Publicado: Madrid : Instituto Nacional de Estudios Jurd̕icos
Materias:
Acceso en línea:Acceso restringido

MARC

LEADER 00000ny a22000003n 4500
005 20110510105245.0
008 940505c19489999sp qr s 0 0 b0spa c
022 |a 0210-301X 
035 |a 1714 
040 |a UMA.DER  |d UMA.RE  |d vLex 
080 |a 347(051) 
090 |c 1499  |d 1499 
245 0 0 |a Anuario de derecho civil  |h [Recurso electrn̤ico] 
256 |a Servicio en ln̕ea 
260 |a Madrid :  |b Instituto Nacional de Estudios Jurd̕icos 
310 |a Trimestral. Anual hasta 1981 
506 1 |a Contenido solo disponible en los productos indicados  |d vLex Global  |d vLex Global (Academic Edition, excluding Law Schools)  |d vLex Global (U.S. Academic Edition, Law Schools)  |d vLex Global (U.S. Academic Edition, excluding Law Schools)  |d vLex Global (Academic Edition, Law Schools) 
525 |a Tiene n̕dices anuales 
650 0 7 |a Civil  |2 Tesauro vLex 
650 0 7 |a Expromisin̤  |2 Tesauro vLex 
650 0 7 |a Forma del contrato  |2 Tesauro vLex 
650 0 7 |a Usucapin̤  |2 Tesauro vLex 
650 0 7 |a Responsabilidad civil  |2 Tesauro vLex 
650 0 7 |a Parejas de hecho  |2 Tesauro vLex 
710 2 |a Instituto Nacional de Estudios Jurd̕icos (Espaą),  |e ed 
740 0 |a vLex Revista (Servicios en ln̕ea) 
853 |8 1  |i (year)  |j (month)  |k (day) 
856 |u http://vlex.com/source/1714  |z Acceso restringido 
942 |c REV